Mack and the missing cheese / (Record no. 2798)

MARC details
000 -LEADER
fixed length control field 01089nam a22002777a 4500
001 - CONTROL NUMBER
control field 2798
003 - CONTROL NUMBER IDENTIFIER
control field FISKH
005 - DATE AND TIME OF LATEST TRANSACTION
control field 20260309135843.0
008 - FIXED-LENGTH DATA ELEMENTS--GENERAL INFORMATION
fixed length control field 240115b cb ||||| |||| 00| 0 eng d
020 ## - INTERNATIONAL STANDARD BOOK NUMBER
International Standard Book Number 9781407164151
040 ## - CATALOGING SOURCE
Original cataloging agency FISKH
Language of cataloging eng
Transcribing agency FISKH
Modifying agency FISKH
050 ## - LIBRARY OF CONGRESS CALL NUMBER
Classification number PZ7
082 ## - DEWEY DECIMAL CLASSIFICATION NUMBER
Classification number 823.92
100 ## - MAIN ENTRY--PERSONAL NAME
Personal name Strathie, Chae
245 ## - TITLE STATEMENT
Title Mack and the missing cheese /
Statement of responsibility, etc. Chae Strathie ; Nikki, Dyson
250 ## - EDITION STATEMENT
Edition statement First published in 2018 by Scholastic Children's book
260 ## - PUBLICATION, DISTRIBUTION, ETC.
Place of publication, distribution, etc. London :
Name of publisher, distributor, etc. Scholastic,
Date of publication, distribution, etc. 2018
300 ## - PHYSICAL DESCRIPTION
Extent 32 unnumbered pages :
Other physical details color illustrations ;
Dimensions 28 cm
505 ## - FORMATTED CONTENTS NOTE
Formatted contents note M<br/>
520 ## - SUMMARY, ETC.
Summary, etc. Mack the cat is the best detective in town, or so he tells his assistant, Squeak. So when a lovely piece of cheese goes missing, he's the perfect cat for the job! But solving the cheesy crime is a lot harder than expected... will Mack and Squeak ever found out who ate the cheese?
521 8# - TARGET AUDIENCE NOTE
Target audience note 540<br/>
Source Lexile AD<br/>
521 8# - TARGET AUDIENCE NOTE
Target audience note M<br/>
Source Raz-Plus <br/>
650 ## - SUBJECT ADDED ENTRY--TOPICAL TERM
Topical term or geographic name entry element Animals
Form subdivision Juvenile literature
General subdivision Food
700 ## - ADDED ENTRY--PERSONAL NAME
Personal name Dyson, Nikki
Relator term illustrator
942 ## - ADDED ENTRY ELEMENTS (KOHA)
Source of classification or shelving scheme Dewey Decimal Classification
Koha item type Books
Suppress in OPAC No
Holdings
Withdrawn status Lost status Source of classification or shelving scheme Damaged status Not for loan Collection Home library Current library Shelving location Date acquired Total Checkouts Full call number Barcode Date due Date last seen Date last checked out Copy number Price effective from Koha item type
    Dewey Decimal Classification     Juvenile Fiction Footprints International School Library Network Toul Kork Campus Footprints International School Library Network Toul Kork Campus TK Primary Library Room(4th Floor), Bookcase 3&4, Shelves 17-32, Yellow Books 01/15/2024 5 STR 823.92 PZ7 FISBT000134 04/03/2026 03/20/2026 03/20/2026 1 01/15/2024 Books
    Dewey Decimal Classification     Juvenile Fiction Footprints International School Library Network Toul Tom Poung Campus Footprints International School Library Network Toul Tom Poung Campus TTP Primary Yellow Bookshelves 03/09/2026 2 STR 823.92 PZ7 2026-0292   04/24/2026 04/10/2026 2 03/09/2026 Books